000 00668nam a2200205 i 4500
001 83987
003 ES-MaACL
005 20230906174927.0
007 t|
008 041119s1968 sp ||||1| spa d
100 1 _aJaspers, Karl.
_966154
245 1 3 _aLa fé filosófica ante revelación /
_cKarl Jaspers ; versión española de Gonzalo Díaz y Díaz.
260 _a[Madrid] :
_bGredos,
_c[1968]
300 _a634 p. ;
_c20 cm.
490 1 _aBiblioteca hispánica de filosofía ;
_v54
700 1 _aDíaz y Díaz, Gonzalo.
_944461
830 0 _aBiblioteca hispánica de filosofía ;
_v54
_9181000
852 _aES-MaACL
_jC-34752
_bR.66539
999 _c83987
_d83987